[Event "NB II. Toth Laszlo csoport"]
[Site "Bekes"]
[Date "2024.05.12"]
[Round "9.3"]
[White "Diamant, Tibor"]
[Black "Szasz, Janos"]
[Result "0-1"]
[WhiteElo "1944"]
[BlackElo "2050"]
[PlyCount "94"]
[EventDate "2023.10.08"]
[EventType "team-tourn"]
[EventRounds "9"]
[EventCountry "HUN"]
[Source "chess.hu"]
[WhiteTeam "Duocor-Makoi SVSE II"]
[BlackTeam "Bekesi TE"]
[WhiteTeamCountry "HUN"]
[BlackTeamCountry "HUN"]

1. e4 c5 2. Nf3 d6 3. d4 cxd4 4. Nxd4 Nf6 5. Nc3 e6 6. Bg5 Be7 7. Qd2 a6 8.
O-O-O Qc7 9. f4 b5 10. a3 Bb7 11. Bd3 Nc6 12. Nxc6 Bxc6 13. Rde1 O-O 14. e5
dxe5 15. fxe5 Ne8 16. Bxe7 Qxe7 17. Be4 Bxe4 18. Rxe4 Nc7 19. Rd1 a5 20. Qd6
Qg5+ 21. Qd2 Qg6 22. Kb1 Nd5 23. Re2 Nxc3+ 24. Qxc3 Qh5 25. Qf3 Qxh2 26. g4 Qh6
27. Rh1 Qg6 28. Reh2 Rac8 29. Qe2 h6 30. g5 Qxg5 31. Rg2 Qf4 32. Rhg1 g6 33.
Qh5 Kh8 34. Qe2 Rc5 35. Re1 Kg7 36. Rf2 Qg5 37. Rg2 Qe7 38. Qe3 b4 39. a4 Rd5
40. Rh1 Rh8 41. Rf1 Rhd8 42. Rgg1 R8d7 43. b3 Qd8 44. Qf4 Rd1+ 45. Kb2 Rxf1 46.
Rxf1 Qg5 47. Qe4 Qd2 0-1

[Event "NB II. Toth Laszlo csoport"]
[Site "Bekes"]
[Date "2024.05.12"]
[Round "9.4"]
[White "Nagy, Robert"]
[Black "Kovacs, Arthur Dr"]
[Result "1/2-1/2"]
[WhiteElo "1973"]
[BlackElo "1950"]
[PlyCount "28"]
[EventDate "2023.10.08"]
[EventType "team-tourn"]
[EventRounds "9"]
[EventCountry "HUN"]
[Source "chess.hu"]
[WhiteTeam "Bekesi TE"]
[BlackTeam "Duocor-Makoi SVSE II"]
[WhiteTeamCountry "HUN"]
[BlackTeamCountry "HUN"]

1. d4 d5 2. Nf3 Nf6 3. c4 e6 4. Nc3 Be7 5. Bg5 O-O 6. e3 h6 7. Bh4 b6 8. cxd5
Nxd5 9. Bxe7 Qxe7 10. Qb3 Bb7 11. Be2 Nd7 12. O-O c5 13. Na4 Rfc8 14. Rac1 cxd4
1/2-1/2

[Event "NB II. Toth Laszlo csoport"]
[Site "Bekes"]
[Date "2024.05.12"]
[Round "9.5"]
[White "Balassy, Gabor"]
[Black "Visnyei, Illes"]
[Result "1-0"]
[WhiteElo "1921"]
[BlackElo "2012"]
[PlyCount "91"]
[EventDate "2023.10.08"]
[EventType "team-tourn"]
[EventRounds "9"]
[EventCountry "HUN"]
[Source "chess.hu"]
[WhiteTeam "Duocor-Makoi SVSE II"]
[BlackTeam "Bekesi TE"]
[WhiteTeamCountry "HUN"]
[BlackTeamCountry "HUN"]

1. d4 d5 2. c4 e6 3. Nc3 c6 4. e4 Bb4 5. e5 Ne7 6. a3 Bxc3+ 7. bxc3 Ng6 8. a4
O-O 9. Bd3 f5 10. Nf3 Bd7 11. h4 Qc7 12. Ba3 Re8 13. Bd6 Qd8 14. Qd2 Nh8 15.
Rh3 Nf7 16. Ba3 h6 17. Qf4 g6 18. g4 Kg7 19. gxf5 exf5 20. Rg3 Kh7 21. Kd2 dxc4
22. Bxc4 Be6 23. Bd3 Qd7 24. Rag1 Rg8 25. c4 Na6 26. Ke3 Nc7 27. Ke2 Rad8 28.
Bd6 Ne8 29. c5 Ng7 30. Rxg6 Nh5 31. Qg4 Nf4+ 32. Qxf4 Rxg6 33. Rxg6 Kxg6 34.
Nh2 Kg7 35. Ng4 Rh8 36. Nf6 Qc8 37. Qg3+ Ng5 38. hxg5 h5 39. Qh4 Kg6 40. Ke3
Bf7 41. Kf4 Be6 42. Be2 Qd8 43. Bxh5+ Kg7 44. g6 Rh6 45. Qg5 Qa5 46. Qxh6+ 1-0

[Event "NB II. Toth Laszlo csoport"]
[Site "Bekes"]
[Date "2024.05.12"]
[Round "9.6"]
[White "Somogyi, Gabor"]
[Black "Hajnal, Bence"]
[Result "0-1"]
[WhiteElo "1906"]
[BlackElo "1871"]
[PlyCount "42"]
[EventDate "2023.10.08"]
[EventType "team-tourn"]
[EventRounds "9"]
[EventCountry "HUN"]
[Source "chess.hu"]
[WhiteTeam "Bekesi TE"]
[BlackTeam "Duocor-Makoi SVSE II"]
[WhiteTeamCountry "HUN"]
[BlackTeamCountry "HUN"]

1. d4 b6 2. e4 Bb7 3. Bd3 g6 4. Nf3 Bg7 5. O-O e6 6. Bg5 Ne7 7. Nbd2 h6 8. Be3
d6 9. c3 Nd7 10. Ne1 O-O 11. f4 f5 12. Qe2 Nf6 13. e5 Ng4 14. exd6 Nd5 15. Nc2
Qh4 16. Nf3 Qh5 17. g3 cxd6 18. Bd2 Rae8 19. Rae1 e5 20. dxe5 dxe5 21. fxe5
Bxe5 0-1

[Event "NB II. Toth Laszlo csoport"]
[Site "Bekes"]
[Date "2024.05.12"]
[Round "9.7"]
[White "Nagy Dani, Karoly"]
[Black "Takacs, Lajos"]
[Result "1-0"]
[WhiteElo "1891"]
[BlackElo "1980"]
[PlyCount "83"]
[EventDate "2023.10.08"]
[EventType "team-tourn"]
[EventRounds "9"]
[EventCountry "HUN"]
[Source "chess.hu"]
[WhiteTeam "Duocor-Makoi SVSE II"]
[BlackTeam "Bekesi TE"]
[WhiteTeamCountry "HUN"]
[BlackTeamCountry "HUN"]

1. d4 c5 2. Nf3 cxd4 3. Nxd4 e5 4. Nf3 Nf6 5. Nc3 e4 6. Nd4 Nc6 7. Bf4 a6 8. e3
d5 9. Be2 Bb4 10. a3 Bxc3+ 11. bxc3 Qa5 12. Qd2 Nxd4 13. cxd4 Qxd2+ 14. Kxd2 b5
15. a4 bxa4 16. Rxa4 O-O 17. Rha1 Nd7 18. Ra5 Bb7 19. Bxa6 Nb6 20. Be2 Rxa5 21.
Rxa5 Rc8 22. Ra7 Ba8 23. Ba6 Re8 24. Kc3 Bc6 25. Kb4 g5 26. Bxg5 Re6 27. Bf4
Ba4 28. c3 Bc2 29. c4 dxc4 30. Bxc4 Nxc4 31. Kxc4 Kf8 32. Kc5 Ke8 33. d5 Re7
34. Ra8+ Kd7 35. Bd6 Re8 36. Ra7+ Kc8 37. Rxf7 h5 38. g3 Bd1 39. Bf4 Rd8 40.
Rc7+ Kb8 41. Kb6 Bg4 42. Rc5+ 1-0

[Event "NB II. Toth Laszlo csoport"]
[Site "Bekes"]
[Date "2024.05.12"]
[Round "9.8"]
[White "Nagy, Gabor Dr"]
[Black "Gyori, Gabor"]
[Result "0-1"]
[WhiteElo "1879"]
[BlackElo "1862"]
[PlyCount "98"]
[EventDate "2023.10.08"]
[EventType "team-tourn"]
[EventRounds "9"]
[EventCountry "HUN"]
[Source "chess.hu"]
[WhiteTeam "Bekesi TE"]
[BlackTeam "Duocor-Makoi SVSE II"]
[WhiteTeamCountry "HUN"]
[BlackTeamCountry "HUN"]

1. e4 e5 2. Nf3 Nc6 3. Bc4 Bc5 4. O-O Nf6 5. d3 h6 6. Be3 d6 7. a4 Bxe3 8. fxe3
O-O 9. Nh4 d5 10. exd5 Nxd5 11. Qf3 Nf6 12. Nf5 Bxf5 13. Qxf5 Qd7 14. Nc3 Rad8
15. Rf3 Qxf5 16. Rxf5 Nb4 17. Bb3 e4 18. d4 c6 19. Raf1 Rd7 20. h3 Nbd5 21. Nd1
a6 22. c4 Nb4 23. g4 Nh7 24. h4 Re7 25. Nf2 Nd3 26. Nxd3 exd3 27. c5 Nf6 28. g5
Nd5 29. Bxd5 cxd5 30. R5f3 hxg5 31. hxg5 Rfe8 32. Kf2 Re4 33. Rg3 Rh4 34. Rd1
Rh2+ 35. Kf3 Rxb2 36. Rxd3 Ra2 37. Rb3 Rxa4 38. Rxb7 Ra3 39. Kf2 Rc8 40. Rd7 a5
41. Rxd5 a4 42. Re5 Ra1 43. Rg1 Rxg1 44. Kxg1 a3 45. c6 Ra8 46. c7 a2 47. Ra5
a1=Q+ 48. Rxa1 Rxa1+ 49. Kf2 Rc1 0-1

[Event "NB II. Toth Laszlo csoport"]
[Site "Bekes"]
[Date "2024.05.12"]
[Round "9.9"]
[White "Kopias, Ferenc"]
[Black "Gosztolya, Ferenc Dr"]
[Result "0-1"]
[WhiteElo "1773"]
[BlackElo "1943"]
[PlyCount "94"]
[EventDate "2023.10.08"]
[EventType "team-tourn"]
[EventRounds "9"]
[EventCountry "HUN"]
[Source "chess.hu"]
[WhiteTeam "Duocor-Makoi SVSE II"]
[BlackTeam "Bekesi TE"]
[WhiteTeamCountry "HUN"]
[BlackTeamCountry "HUN"]

1. e4 c5 2. Nf3 Nc6 3. d4 cxd4 4. Nxd4 g6 5. Be2 Bg7 6. Be3 Nf6 7. Nc3 O-O 8.
O-O d6 9. Nb3 Be6 10. f4 Na5 11. Nxa5 Qxa5 12. Qd2 Rfc8 13. h3 Bc4 14. f5 Nxe4
15. Nxe4 Qxd2 16. Bxd2 Bxe2 17. Rfe1 Bxb2 18. Rab1 Bd4+ 19. Kh1 Ba6 20. fxg6
hxg6 21. c3 Be5 22. Nf2 Bg3 23. Kg1 e6 24. Rec1 b6 25. Ng4 f5 26. Ne3 Rc7 27.
Rb4 Rac8 28. Ra4 Bd3 29. Rd4 Be4 30. Nf1 Be5 31. Ra4 d5 32. Be1 Kf7 33. Ng3 Bd3
34. Rh4 Rh8 35. Ra4 Bc4 36. Bf2 Bd6 37. Nf1 e5 38. Nd2 Bb5 39. Rh4 Rxh4 40.
Bxh4 Ke6 41. Nf3 Bc5+ 42. Kh2 Be3 43. Rb1 Be2 44. Re1 Bf4+ 45. g3 Bxf3 46. gxf4
e4 47. Re3 Rc4 0-1

[Event "NB II. Toth Laszlo csoport"]
[Site "Bekes"]
[Date "2024.05.12"]
[Round "9.10"]
[White "Balog, Imre"]
[Black "Gyori, Balint"]
[Result "1-0"]
[WhiteElo "1852"]
[BlackElo "1678"]
[PlyCount "89"]
[EventDate "2023.10.08"]
[EventType "team-tourn"]
[EventRounds "9"]
[EventCountry "HUN"]
[Source "chess.hu"]
[WhiteTeam "Bekesi TE"]
[BlackTeam "Duocor-Makoi SVSE II"]
[WhiteTeamCountry "HUN"]
[BlackTeamCountry "HUN"]

1. d4 d5 2. Nf3 Nf6 3. Bf4 e6 4. e3 Bd6 5. Ne5 O-O 6. h3 c5 7. Bd3 c4 8. Be2
Qa5+ 9. c3 Qb6 10. Qc2 Nbd7 11. Nd2 Qc7 12. Ndf3 Ne4 13. O-O Nb6 14. Nd2 Nxd2
15. Qxd2 f6 16. Nf3 Bxf4 17. exf4 Bd7 18. Rfe1 Rae8 19. Bd1 Nc8 20. Bc2 Nd6 21.
Re2 f5 22. Ne5 Ne4 23. Qe1 Rf6 24. f3 Nd6 25. Qf2 Nf7 26. Rae1 Nxe5 27. Rxe5
Qc8 28. R1e2 g6 29. Qe1 Kg7 30. b3 Bb5 31. R2e3 Bd7 32. bxc4 dxc4 33. Rc5 Qb8
34. Rxc4 Qxf4 35. Re5 Bc6 36. Rcc5 Bd5 37. Rcxd5 Rc8 38. Rd7+ Kh8 39. Bb3 Re8
40. Rxb7 a5 41. Qe3 Qg3 42. Rxa5 Qd6 43. Qe5 Qf8 44. Raa7 h5 45. Rf7 1-0

[Event "NB II. Toth Laszlo csoport"]
[Site "Bekes"]
[Date "2024.05.12"]
[Round "9.11"]
[White "Kralik, Attila"]
[Black "Kovacs, Gergo Patrik"]
[Result "1/2-1/2"]
[WhiteElo "1750"]
[BlackElo "1736"]
[PlyCount "57"]
[EventDate "2023.10.08"]
[EventType "team-tourn"]
[EventRounds "9"]
[EventCountry "HUN"]
[Source "chess.hu"]
[WhiteTeam "Duocor-Makoi SVSE II"]
[BlackTeam "Bekesi TE"]
[WhiteTeamCountry "HUN"]
[BlackTeamCountry "HUN"]

1. b3 c5 2. Bb2 Nc6 3. g3 d5 4. Bg2 Bf5 5. Nf3 e6 6. d3 Nf6 7. Nbd2 Be7 8. O-O
O-O 9. Ne5 Nxe5 10. Bxe5 Ng4 11. Bb2 Bf6 12. Bxf6 Nxf6 13. c4 Rb8 14. Re1 d4
15. Qc1 h6 16. Qa3 Qb6 17. h3 a6 18. Rab1 Qd6 19. b4 Nd7 20. b5 axb5 21. Rxb5
b6 22. Reb1 Bg6 23. Qa6 Qc7 24. R1b3 f5 25. Qa3 Bh5 26. Kf1 Qe5 27. Nf3 Qd6 28.
Qb2 e5 29. Nd2 1/2-1/2